Score 0/15 Timer 01:00
8 Plays Today
Hint Letter % Correct
Letter 1 A 
92.2%
Letter 4 A 
92.2%
Letter 6 A 
92.2%
Letter 2 B 
72.2%
Letter 11 C 
67.6%
Letter 5 H 
59.9%
Letter 12 O 
54.1%
Letter 8 L 
53.9%
Hint Letter % Correct
Letter 13 L 
53.9%
Letter 7 M 
49.4%
Letter 3 R 
46.4%
Letter 9 I 
42.5%
Letter 10 N 
38.8%
Letter 14 N 
38.8%
Mystery PhraseAbraham Lincoln
30.2%

You're not logged in!

Compare scores with friends on all Sporcle quizzes.
OR
Log In

Sporcle TV

Today on Sporcle TV


Watch our educational content, quiz creation guides, and fun videos on Sporcle TV.

Show Comments

Extras

Top Quizzes Today


Score Distribution

Paid Content

Your Account Isn't Verified!

In order to create a playlist on Sporcle, you need to verify the email address you used during registration. Go to your Sporcle Settings to finish the process.

Report this User

Report this user for behavior that violates our Community Guidelines.

Details: